| 000 | 003500000a22001570004500 | ||
|---|---|---|---|
| 003 | LK-CoMWRAF | ||
| 008 | 230817t ||||| |||| 00| 0 eng d | ||
| 040 |
_aLK-CoMWRAF _dLK-CoMWRAF _eLK-CoMWRAF |
||
| 041 | _aeng | ||
| 082 |
_a023 _bTHA |
||
| 245 |
_aThamil thalaip paththiha _b |
||
| 260 |
_b _a _c |
||
| 300 | _ap.48 | ||
| 650 | _apoem | ||
| 942 | _cBK | ||
| 999 |
_c2887 _d2887 |
||